Le partage des pouvoirs (notice n° 1715163)
[ vue normale ]
| 000 -LEADER | |
|---|---|
| fixed length control field | 00772cam a2200229 4500500 |
| 005 - DATE AND TIME OF LATEST TRANSACTION | |
| control field | 20260322001459.0 |
| 041 ## - LANGUAGE CODE | |
| Language code of text/sound track or separate title | fre |
| 042 ## - AUTHENTICATION CODE | |
| Authentication code | dc |
| 100 10 - MAIN ENTRY--PERSONAL NAME | |
| Personal name | Mazel, Florian |
| Relator term | author |
| 245 00 - TITLE STATEMENT | |
| Title | Le partage des pouvoirs |
| 260 ## - PUBLICATION, DISTRIBUTION, ETC. | |
| Date of publication, distribution, etc. | 2020.<br/> |
| 500 ## - GENERAL NOTE | |
| General note | 76 |
| 690 ## - LOCAL SUBJECT ADDED ENTRY--TOPICAL TERM (OCLC, RLIN) | |
| Topical term or geographic name as entry element | Chanoine |
| 690 ## - LOCAL SUBJECT ADDED ENTRY--TOPICAL TERM (OCLC, RLIN) | |
| Topical term or geographic name as entry element | Clerc qui entoure l’évêque à partir du |
| 690 ## - LOCAL SUBJECT ADDED ENTRY--TOPICAL TERM (OCLC, RLIN) | |
| Topical term or geographic name as entry element | e |
| 690 ## - LOCAL SUBJECT ADDED ENTRY--TOPICAL TERM (OCLC, RLIN) | |
| Topical term or geographic name as entry element | siècle ; le groupe des chanoines forme le chapitre. Certains chanoines |
| 690 ## - LOCAL SUBJECT ADDED ENTRY--TOPICAL TERM (OCLC, RLIN) | |
| Topical term or geographic name as entry element | appelés dignitaires |
| 690 ## - LOCAL SUBJECT ADDED ENTRY--TOPICAL TERM (OCLC, RLIN) | |
| Topical term or geographic name as entry element | occupent une fonction particulière |
| 690 ## - LOCAL SUBJECT ADDED ENTRY--TOPICAL TERM (OCLC, RLIN) | |
| Topical term or geographic name as entry element | vii |
| 786 0# - DATA SOURCE ENTRY | |
| Note | L'Histoire - Les Collections | 89 | 4 | 2020-10-01 | p. 44-49 | 2727-6945 |
| 856 41 - ELECTRONIC LOCATION AND ACCESS | |
| Uniform Resource Identifier | <a href="https://shs.cairn.info/magazine-hist-l-hisoire-les-collections-2020-4-page-44?lang=fr&redirect-ssocas=7080">https://shs.cairn.info/magazine-hist-l-hisoire-les-collections-2020-4-page-44?lang=fr&redirect-ssocas=7080</a> |
Pas d'exemplaire disponible.




Réseaux sociaux